| 000 | 00614nam a22001937a 4500 | ||
|---|---|---|---|
| 003 | PILC | ||
| 005 | 20160303093326.0 | ||
| 008 | 160126b xxu||||| |||| 00| 0 eng d | ||
| 020 | _a9780671027346 | ||
| 050 | _aPS 3553 .H34 CHB 1999 | ||
| 100 | _aChbosky, Stephen | ||
| 245 |
_aThe perks of being a wallflower _cStephen Chbosky |
||
| 260 |
_aLondon ; _bSimon and Schuster Ltd. _c1999 |
||
| 300 |
_a232 pages., _c20 cm. |
||
| 650 | _aHigh school students -- Social conditions -- Juvenile fiction. | ||
| 650 | _aTeenagers -- Juvenile fiction. | ||
| 650 | _aLetters -- Juvenile fiction. | ||
| 942 |
_2lcc _cBK |
||
| 999 |
_c290444 _d290444 |
||